Normal view
MARC view
- মিসেস নাজনীন হোসেন
Entry Personal Name
001 - CONTROL NUMBER
- control field: 5766
003 - CONTROL NUMBER IDENTIFIER
- control field: OSt
005 - DATE AND TIME OF LATEST TRANSACTION
- control field: 20240320032614.0
008 - FIXED-LENGTH DATA ELEMENTS
- fixed length control field: 240320|| aca||aabn | a|a d
040 ## - CATALOGING SOURCE
- Original cataloging agency: OSt
- Transcribing agency: OSt
100 ## - HEADING--PERSONAL NAME
- Personal name: মিসেস নাজনীন হোসেন
670 ## - SOURCE DATA FOUND
- Source citation: Work cat.: (OSt)3146: হোসেন, মোঃ আলতাফ 2369, এডভোকেটশীপ গাইড/ , c2003
